00976cam a2200229 a 450000100100000000500170001000800410002704000250006808200180009310000430011124500520015426000500020630000210025649000110027750501110028865000260039965000410042583000180046695201210048495201260060599900150073100000921620200929161524.0730410s1968 ve 000 f spa d aDO-SdBNPbspacBNPHU aU863.44bO58n1 aOnetti, Juan Carlos,d1909-199492387710aNovelas cortas completas /cJuan Carlos Onetti. aCaracas, Venezuela :bMonte Ávila,c[1968]. a235 p. ;c20 cm.1 aPrisma0 aEl pozo. -- Los adioses. -- La cara de la desgracia. -- Tan triste como ella. --Para una tumba sin nombre. 4aNovela uruguaya95679 4aLiteratura uruguayaySIGLO XX916336 0aPrisma.93770 001054708MOaGRbGRcHDd2009-09-28iLF1l0oU863.44 O58np9216-10r2020-06-25w2020-06-25y4ZPréstamo en sala 001053728MOaGRbGRcCTd2009-09-28iLF1l0oU863.44 O58np9216-20r2020-06-25te.2w2020-06-25y4ZPréstamo en sala c8979d8979